[Event "Druzheskij Blitz (3+2) turnir ¹3 na Iristonskoj 06.10.2019g."]
[Site "VLADIKAVKAZ"]
[Date "2019.10.06"]
[Round "6.4"]
[White "Basiev, Valeriy P."]
[Black "Agkatsev, Albert A"]
[Result "1-0"]
[TimeControl "3' + 2\""]
[WhiteElo "2002"]
[BlackElo "1725"]

1. d4 {[%clk 00:03:00]} {[%emt 00:00:02]} c5 {[%clk 00:03:03]} {[%emt
00:00:02]} 2. e4 {[%clk 00:03:01]} {[%emt 00:00:01]} cxd4 {[%clk 00:03:03]}
{[%emt 00:00:02]} 3. Nf3 {[%clk 00:03:02]} {[%emt 00:00:01]} Nc6 {[%clk
00:03:04]} {[%emt 00:00:01]} 4. Nxd4 {[%clk 00:03:03]} {[%emt 00:00:01]} e6
{[%clk 00:03:00]} {[%emt 00:00:06]} 5. Nc3 {[%clk 00:03:02]} {[%emt 00:00:04]}
Nf6 {[%clk 00:02:57]} {[%emt 00:00:04]} 6. Ndb5 {[%clk 00:02:48]} {[%emt
00:00:16]} a6 {[%clk 00:02:38]} {[%emt 00:00:22]} 7. Nd6+ {[%clk 00:02:48]}
{[%emt 00:00:02]} Bxd6 {[%clk 00:02:38]} {[%emt 00:00:01]} 8. Qxd6 {[%clk
00:02:49]} {[%emt 00:00:01]} Qe7 {[%clk 00:02:39]} {[%emt 00:00:01]} 9. Qd1
{[%clk 00:02:34]} {[%emt 00:00:17]} O-O {[%clk 00:02:31]} {[%emt 00:00:10]} 10.
Be2 {[%clk 00:02:33]} {[%emt 00:00:03]} b5 {[%clk 00:02:18]} {[%emt 00:00:14]}
11. a3 {[%clk 00:02:30]} {[%emt 00:00:04]} Bb7 {[%clk 00:02:18]} {[%emt
00:00:02]} 12. Bg5 {[%clk 00:02:27]} {[%emt 00:00:05]} h6 {[%clk 00:02:17]}
{[%emt 00:00:03]} 13. Bh4 {[%clk 00:02:27]} {[%emt 00:00:01]} Qc5 {[%clk
00:01:22]} {[%emt 00:00:57]} 14. O-O {[%clk 00:02:14]} {[%emt 00:00:16]} Nd4
{[%clk 00:01:09]} {[%emt 00:00:15]} 15. Bd3 {[%clk 00:02:02]} {[%emt 00:00:14]}
d6 {[%clk 00:01:01]} {[%emt 00:00:10]} 16. Kh1 {[%clk 00:01:55]} {[%emt
00:00:09]} g5 {[%clk 00:00:43]} {[%emt 00:00:20]} 17. Bg3 {[%clk 00:01:53]}
{[%emt 00:00:04]} e5 {[%clk 00:00:39]} {[%emt 00:00:07]} 18. h4 {[%clk
00:01:29]} {[%emt 00:00:26]} Kg7 {[%clk 00:00:37]} {[%emt 00:00:03]} 19. Qd2
{[%clk 00:01:16]} {[%emt 00:00:13]} Rh8 {[%clk 00:00:31]} {[%emt 00:00:07]} 20.
Kg1 {[%clk 00:01:10]} {[%emt 00:00:10]} Kg6 {[%clk 00:00:22]} {[%emt 00:00:11]}
21. b4 {[%clk 00:01:00]} {[%emt 00:00:13]} Qc8 {[%clk 00:00:21]} {[%emt
00:00:03]} 22. f3 {[%clk 00:00:52]} {[%emt 00:00:10]} Nh5 {[%clk 00:00:14]}
{[%emt 00:00:09]} 23. Bf2 {[%clk 00:00:43]} {[%emt 00:00:11]} Nf4 {[%clk
00:00:11]} {[%emt 00:00:04]} 24. Bxd4 {[%clk 00:00:30]} {[%emt 00:00:15]} exd4
{[%clk 00:00:12]} 25. e5+ {[%clk 00:00:28]} {[%emt 00:00:05]} f5 {[%clk
00:00:06]} {[%emt 00:00:08]} 26. exf6+ {[%clk 00:00:27]} {[%emt 00:00:03]} Kxf6
{[%clk 00:00:07]} 27. Ne4+ {[%clk 00:00:27]} {[%emt 00:00:02]} Bxe4 {[%clk
00:00:07]} {[%emt 00:00:02]} 28. Bxe4 {[%clk 00:00:28]} Rb8 {[%clk 00:00:09]}
29. Qxd4+ {[%clk 00:00:29]} {[%emt 00:00:01]} Ke7 {[%clk 00:00:09]} {[%emt
00:00:01]} 30. Qg7+ {[%clk 00:00:26]} {[%emt 00:00:05]} Ke6 {[%clk 00:00:11]}
31. Rfe1 {[%clk 00:00:27]} {[%emt 00:00:02]} Qc4 {[%clk 00:00:07]} {[%emt
00:00:07]} 32. Bd3+ {[%clk 00:00:21]} {[%emt 00:00:07]} Kd5 {[%clk 00:00:07]}
{[%emt 00:00:02]} 33. Qf7+ {[%clk 00:00:16]} {[%emt 00:00:07]} Kc6 {[%clk
00:00:05]} {[%emt 00:00:04]} 34. Bxc4 bxc4 {[%clk 00:00:07]} 35. Qxc4+ {[%emt
00:00:01]} Kb6 36. Qd4+ {[%clk 00:00:17]} {[%emt 00:00:03]} Kc6 {[%clk
00:00:07]} {[%emt 00:00:03]} 37. Re7 {[%clk 00:00:13]} {[%emt 00:00:06]} Rhe8
{[%clk 00:00:08]} {[%emt 00:00:01]} 38. Rae1 {[%clk 00:00:14]} Rxe7 {[%clk
00:00:07]} {[%emt 00:00:03]} 39. Rxe7 {[%clk 00:00:15]} Nd5 {[%clk 00:00:07]}
{[%emt 00:00:02]} 40. Qc4+ {[%clk 00:00:15]} {[%emt 00:00:02]} Kb6 {[%clk
00:00:08]} {[%emt 00:00:02]} 41. Qxd5 {[%clk 00:00:16]} Rc8 {[%clk 00:00:07]}
{[%emt 00:00:02]} 42. Qb7# {[%clk 00:00:17]} {[%emt 00:00:02]} 1-0

[Event "Druzheskij Blitz (3+2) turnir ¹3 na Iristonskoj 06.10.2019g."]
[Site "VLADIKAVKAZ"]
[Date "2019.10.06"]
[Round "6.5"]
[White "Hortiev, Alan"]
[Black "Agkatsev, Felix A"]
[Result "0-1"]
[TimeControl "3' + 2\""]
[WhiteElo "1638"]
[BlackElo "1583"]

1. e4 {[%clk 00:03:02]} e6 {[%clk 00:03:04]} 2. d4 {[%clk 00:03:02]} {[%emt
00:00:04]} d5 {[%clk 00:03:05]} 3. Nc3 {[%clk 00:03:02]} {[%emt 00:00:01]} Nf6
{[%clk 00:03:06]} 4. e5 {[%clk 00:02:59]} {[%emt 00:00:07]} Nfd7 {[%clk
00:03:07]} {[%emt 00:00:01]} 5. Nf3 {[%clk 00:02:55]} {[%emt 00:00:06]} c5
{[%clk 00:03:07]} {[%emt 00:00:03]} 6. Bd3 {[%clk 00:02:45]} {[%emt 00:00:11]}
Nc6 {[%clk 00:03:07]} {[%emt 00:00:02]} 7. Be3 {[%clk 00:02:43]} {[%emt
00:00:04]} cxd4 {[%clk 00:02:58]} {[%emt 00:00:11]} 8. Bxd4 {[%clk 00:02:39]}
{[%emt 00:00:06]} Nxd4 {[%clk 00:02:58]} {[%emt 00:00:03]} 9. Nxd4 {[%clk
00:02:39]} {[%emt 00:00:01]} Nxe5 {[%clk 00:02:54]} {[%emt 00:00:06]} 10. O-O
{[%clk 00:02:37]} {[%emt 00:00:03]} Be7 {[%clk 00:02:55]} {[%emt 00:00:02]} 11.
Re1 {[%clk 00:02:36]} {[%emt 00:00:04]} Ng6 {[%clk 00:02:51]} {[%emt 00:00:05]}
12. Qf3 {[%clk 00:02:06]} {[%emt 00:00:32]} O-O {[%clk 00:02:48]} {[%emt
00:00:06]} 13. Rad1 {[%clk 00:02:04]} {[%emt 00:00:04]} Bf6 {[%clk 00:02:37]}
{[%emt 00:00:13]} 14. Nde2 {[%clk 00:01:53]} {[%emt 00:00:13]} Ne5 {[%clk
00:02:35]} {[%emt 00:00:03]} 15. Qg3 {[%clk 00:01:49]} {[%emt 00:00:07]} Nxd3
{[%clk 00:02:34]} {[%emt 00:00:03]} 16. Qxd3 {[%clk 00:01:49]} {[%emt
00:00:02]} Qb6 {[%clk 00:02:34]} {[%emt 00:00:02]} 17. b3 {[%clk 00:01:43]}
{[%emt 00:00:08]} Bd7 {[%clk 00:02:34]} {[%emt 00:00:02]} 18. Ng3 {[%clk
00:01:32]} {[%emt 00:00:13]} Bc6 {[%clk 00:02:29]} {[%emt 00:00:06]} 19. Nce2
{[%clk 00:01:26]} {[%emt 00:00:09]} Rac8 {[%clk 00:02:22]} {[%emt 00:00:09]} 20.
Nh5 {[%clk 00:01:27]} {[%emt 00:00:01]} Qd8 {[%clk 00:01:50]} {[%emt 00:00:34]}
21. Neg3 {[%clk 00:01:11]} {[%emt 00:00:17]} Bg5 {[%clk 00:01:11]} {[%emt
00:00:42]} 22. f4 {[%clk 00:00:52]} {[%emt 00:00:22]} Bh4 {[%clk 00:01:08]}
{[%emt 00:00:04]} 23. f5 {[%clk 00:00:26]} {[%emt 00:00:28]} Re8 {[%clk
00:00:37]} {[%emt 00:00:33]} 24. Nf4 {[%clk 00:00:17]} {[%emt 00:00:11]} Bxg3
{[%clk 00:00:35]} {[%emt 00:00:04]} 25. Qxg3 {[%clk 00:00:18]} {[%emt
00:00:01]} exf5 {[%clk 00:00:27]} {[%emt 00:00:10]} 26. Nh5 {[%clk 00:00:19]}
g6 {[%clk 00:00:28]} {[%emt 00:00:02]} 27. Nf4 {[%clk 00:00:20]} {[%emt
00:00:01]} Qb6+ {[%clk 00:00:24]} {[%emt 00:00:05]} 28. Kh1 {[%clk 00:00:19]}
{[%emt 00:00:03]} d4 {[%clk 00:00:18]} {[%emt 00:00:08]} 29. c4 {[%clk
00:00:17]} {[%emt 00:00:04]} dxc3 {[%clk 00:00:18]} {[%emt 00:00:02]} 30. Rc1
{[%clk 00:00:03]} {[%emt 00:00:16]} Rxe1+ {[%clk 00:00:15]} {[%emt 00:00:05]}
31. Qxe1 {[%clk 00:00:04]} {[%emt 00:00:01]} Be4 {[%clk 00:00:16]} 32. Qd1
{[%clk 00:00:00]} {[%emt 00:00:04]} 0-1

[Event "Druzheskij Blitz (3+2) turnir ¹3 na Iristonskoj 06.10.2019g."]
[Site "VLADIKAVKAZ"]
[Date "2019.10.06"]
[Round "7.1"]
[White "Agkatsev, Felix A"]
[Black "Morozov, Vadim"]
[Result "1-0"]
[TimeControl "3' + 2\""]
[WhiteElo "1583"]
[BlackElo "1870"]

1. d4 {[%clk 00:03:03]} {[%emt 00:00:01]} d5 {[%clk 00:03:03]} {[%emt
00:00:01]} 2. Nf3 {[%clk 00:03:03]} {[%emt 00:00:02]} Nf6 {[%clk 00:03:04]}
{[%emt 00:00:01]} 3. c4 {[%clk 00:03:04]} c6 {[%clk 00:03:05]} 4. e3 {[%clk
00:03:06]} a6 {[%clk 00:03:05]} {[%emt 00:00:03]} 5. Nc3 {[%clk 00:03:06]} dxc4
{[%clk 00:03:05]} {[%emt 00:00:02]} 6. Bxc4 {[%clk 00:03:07]} {[%emt 00:00:01]}
b5 {[%clk 00:03:05]} {[%emt 00:00:02]} 7. Bd3 {[%clk 00:03:08]} {[%emt
00:00:01]} Bb7 {[%clk 00:03:02]} {[%emt 00:00:04]} 8. O-O {[%clk 00:03:08]}
{[%emt 00:00:02]} e6 {[%clk 00:03:04]} 9. Bd2 {[%clk 00:03:07]} {[%emt
00:00:03]} c5 {[%clk 00:03:01]} {[%emt 00:00:05]} 10. Qe2 {[%clk 00:03:03]}
{[%emt 00:00:06]} c4 {[%clk 00:02:52]} {[%emt 00:00:10]} 11. Bc2 {[%clk
00:03:03]} {[%emt 00:00:02]} Be7 {[%clk 00:02:46]} {[%emt 00:00:08]} 12. b3
{[%clk 00:03:00]} {[%emt 00:00:04]} cxb3 {[%clk 00:02:42]} {[%emt 00:00:05]} 13.
Bxb3 {[%clk 00:02:58]} {[%emt 00:00:05]} O-O {[%clk 00:02:37]} {[%emt
00:00:07]} 14. Rac1 {[%clk 00:02:58]} {[%emt 00:00:01]} Nc6 {[%clk 00:02:30]}
{[%emt 00:00:09]} 15. Rfd1 {[%clk 00:02:58]} {[%emt 00:00:02]} Na5 {[%clk
00:02:22]} {[%emt 00:00:10]} 16. Bc2 {[%clk 00:02:40]} {[%emt 00:00:21]} Rc8
{[%clk 00:02:19]} {[%emt 00:00:04]} 17. Bb1 {[%clk 00:02:41]} {[%emt 00:00:02]}
Nc4 {[%clk 00:02:12]} {[%emt 00:00:10]} 18. Be1 {[%clk 00:02:42]} {[%emt
00:00:01]} Na3 {[%clk 00:01:51]} {[%emt 00:00:23]} 19. Bd3 {[%clk 00:02:40]}
{[%emt 00:00:03]} Nc4 {[%clk 00:01:19]} {[%emt 00:00:34]} 20. Nb1 {[%clk
00:02:32]} {[%emt 00:00:10]} Nb6 {[%clk 00:01:06]} {[%emt 00:00:15]} 21. Ne5
{[%clk 00:02:31]} {[%emt 00:00:04]} Qd5 {[%clk 00:00:55]} {[%emt 00:00:13]} 22.
f4 {[%clk 00:02:00]} {[%emt 00:00:33]} Rfd8 {[%clk 00:00:34]} {[%emt 00:00:23]}
23. Ba5 {[%clk 00:01:47]} {[%emt 00:00:15]} Rxc1 {[%clk 00:00:26]} {[%emt
00:00:10]} 24. Rxc1 {[%clk 00:01:48]} Rc8 {[%clk 00:00:23]} {[%emt 00:00:07]}
25. Rxc8+ {[%clk 00:01:44]} {[%emt 00:00:06]} Nxc8 {[%clk 00:00:24]} {[%emt
00:00:01]} 26. Nf3 {[%clk 00:01:37]} {[%emt 00:00:10]} Nd6 {[%clk 00:00:19]}
{[%emt 00:00:07]} 27. Qc2 {[%clk 00:01:32]} {[%emt 00:00:06]} h6 {[%clk
00:00:16]} {[%emt 00:00:05]} 28. Bd2 {[%clk 00:01:29]} {[%emt 00:00:04]} Nfe4
{[%clk 00:00:13]} {[%emt 00:00:06]} 29. Bc1 {[%clk 00:01:29]} {[%emt 00:00:02]}
Nc4 {[%clk 00:00:11]} {[%emt 00:00:04]} 30. Nc3 {[%clk 00:00:46]} {[%emt
00:00:44]} f6 {[%clk 00:00:07]} {[%emt 00:00:07]} 31. Bxe4 {[%clk 00:00:39]}
{[%emt 00:00:09]} Qd8 {[%emt 00:00:06]} 32. Bxb7 {[%clk 00:00:39]} {[%emt
00:00:01]} Qb6 {[%clk 00:00:04]} {[%emt 00:00:02]} 33. Be4 {[%clk 00:00:37]}
{[%emt 00:00:03]} Nd6 {[%clk 00:00:05]} {[%emt 00:00:02]} 34. Bd3 {[%clk
00:00:38]} {[%emt 00:00:01]} b4 {[%clk 00:00:06]} {[%emt 00:00:02]} 35. Ne4
{[%clk 00:00:39]} Nb7 {[%clk 00:00:06]} {[%emt 00:00:01]} 36. Bb2 {[%clk
00:00:37]} {[%emt 00:00:04]} a5 {[%clk 00:00:07]} {[%emt 00:00:01]} 37. Nc5
{[%clk 00:00:37]} {[%emt 00:00:02]} Nd6 {[%clk 00:00:07]} {[%emt 00:00:02]} 38.
Nxe6 {[%clk 00:00:36]} {[%emt 00:00:02]} Kf7 {[%clk 00:00:08]} 39. Nc5 {[%clk
00:00:36]} {[%emt 00:00:03]} a4 {[%clk 00:00:08]} {[%emt 00:00:02]} 40. Bg6+
{[%emt 00:00:15]} Kf8 {[%emt 00:00:19]} 41. Nd7+ {[%clk 00:01:30]} {[%emt
00:00:02]} 1-0

[Event "Druzheskij Blitz (3+2) turnir ¹3 na Iristonskoj 06.10.2019g."]
[Site "VLADIKAVKAZ"]
[Date "2019.10.06"]
[Round "7.2"]
[White "Agkatsev, Albert A"]
[Black "Hortiev, Alan"]
[Result "1-0"]
[TimeControl "3' + 2\""]
[WhiteElo "1725"]
[BlackElo "1638"]

1. e4 {[%clk 00:03:04]} c5 {[%clk 00:03:03]} {[%emt 00:00:01]} 2. Nf3 {[%clk
00:03:04]} {[%emt 00:00:01]} Nf6 {[%clk 00:03:05]} 3. Nc3 {[%clk 00:03:04]}
{[%emt 00:00:03]} e6 {[%clk 00:03:05]} 4. d4 {[%clk 00:03:05]} {[%emt
00:00:01]} cxd4 {[%clk 00:03:04]} {[%emt 00:00:03]} 5. Nxd4 {[%clk 00:03:05]}
{[%emt 00:00:01]} d5 {[%clk 00:03:03]} {[%emt 00:00:03]} 6. exd5 {[%clk
00:03:06]} {[%emt 00:00:02]} Nxd5 {[%clk 00:03:04]} {[%emt 00:00:01]} 7. Nxd5
{[%clk 00:03:06]} {[%emt 00:00:01]} Qxd5 {[%clk 00:03:05]} 8. Nb5 {[%clk
00:03:01]} {[%emt 00:00:08]} Qxd1+ {[%clk 00:02:56]} {[%emt 00:00:11]} 9. Kxd1
{[%emt 00:00:02]} Na6 {[%clk 00:02:52]} {[%emt 00:00:05]} 10. Be3 {[%clk
00:02:58]} {[%emt 00:00:05]} b6 {[%clk 00:02:42]} {[%emt 00:00:12]} 11. Nd4
{[%clk 00:02:30]} {[%emt 00:00:29]} Nc5 {[%clk 00:02:35]} {[%emt 00:00:10]} 12.
Bb5+ {[%clk 00:02:19]} {[%emt 00:00:13]} Bd7 {[%clk 00:02:36]} {[%emt
00:00:02]} 13. Bxd7+ {[%clk 00:02:20]} {[%emt 00:00:01]} Nxd7 {[%clk 00:02:36]}
{[%emt 00:00:01]} 14. Ke2 {[%clk 00:02:19]} {[%emt 00:00:03]} Be7 {[%clk
00:02:27]} {[%emt 00:00:12]} 15. Rad1 {[%clk 00:02:18]} {[%emt 00:00:03]} O-O
{[%clk 00:02:22]} {[%emt 00:00:07]} 16. Nc6 {[%clk 00:02:19]} {[%emt 00:00:01]}
Bf6 {[%clk 00:01:37]} {[%emt 00:00:47]} 17. Rxd7 {[%clk 00:02:17]} {[%emt
00:00:03]} Rfc8 {[%clk 00:01:27]} {[%emt 00:00:12]} 18. Nd4 {[%clk 00:02:02]}
{[%emt 00:00:17]} e5 {[%clk 00:01:23]} {[%emt 00:00:06]} 19. Nf5 {[%clk
00:01:50]} {[%emt 00:00:13]} Rxc2+ {[%clk 00:01:19]} {[%emt 00:00:06]} 20. Kf3
{[%clk 00:01:50]} {[%emt 00:00:02]} Rxb2 {[%clk 00:01:06]} {[%emt 00:00:15]} 21.
Rc1 {[%clk 00:01:41]} {[%emt 00:00:10]} Rxa2 {[%clk 00:01:01]} {[%emt
00:00:07]} 22. Rcc7 {[%clk 00:01:42]} {[%emt 00:00:02]} e4+ {[%clk 00:00:49]}
{[%emt 00:00:15]} 23. Kxe4 {[%clk 00:01:34]} {[%emt 00:00:10]} Re8+ {[%clk
00:00:48]} {[%emt 00:00:02]} 24. Kf3 {[%clk 00:01:33]} {[%emt 00:00:02]} a5
{[%clk 00:00:37]} {[%emt 00:00:15]} 25. Rxf7 {[%clk 00:01:30]} {[%emt
00:00:05]} a4 {[%clk 00:00:36]} {[%emt 00:00:03]} 26. Nxg7 {[%clk 00:01:23]}
{[%emt 00:00:08]} Rf8 {[%clk 00:00:23]} {[%emt 00:00:16]} 27. Rxf8+ {[%clk
00:01:20]} {[%emt 00:00:05]} Kxf8 {[%clk 00:00:24]} 28. Ne6+ {[%clk 00:01:21]}
Kg8 {[%clk 00:00:21]} {[%emt 00:00:05]} 29. Bxb6 {[%clk 00:01:11]} {[%emt
00:00:12]} Ra3+ {[%clk 00:00:20]} {[%emt 00:00:04]} 30. Be3 {[%clk 00:01:09]}
{[%emt 00:00:03]} Rb3 {[%clk 00:00:17]} {[%emt 00:00:04]} 31. Ra7 {[%clk
00:01:10]} {[%emt 00:00:02]} a3 {[%clk 00:00:18]} {[%emt 00:00:02]} 32. Nc5
{[%clk 00:01:10]} {[%emt 00:00:02]} Rc3 {[%clk 00:00:17]} {[%emt 00:00:03]} 33.
Ne4 {[%clk 00:01:11]} {[%emt 00:00:01]} Rc6 {[%clk 00:00:15]} {[%emt 00:00:04]}
34. Rxa3 {[%clk 00:01:11]} {[%emt 00:00:02]} Re6 {[%clk 00:00:15]} {[%emt
00:00:02]} 35. Ra8+ {[%clk 00:01:10]} {[%emt 00:00:02]} Kf7 {[%clk 00:00:16]}
{[%emt 00:00:01]} 36. Ra7+ {[%clk 00:01:10]} {[%emt 00:00:02]} Kg6 {[%clk
00:00:17]} 37. Nxf6 {[%clk 00:01:08]} {[%emt 00:00:04]} Rxf6+ {[%clk 00:00:19]}
38. Kg3 {[%clk 00:01:09]} h5 {[%clk 00:00:18]} {[%emt 00:00:03]} 39. h4 {[%clk
00:01:10]} {[%emt 00:00:01]} Rc6 {[%clk 00:00:18]} {[%emt 00:00:02]} 40. Ra5
{[%clk 00:01:08]} {[%emt 00:00:04]} Rc4 {[%clk 00:00:17]} {[%emt 00:00:03]} 41.
Rg5+ {[%clk 00:01:08]} Kf6 {[%clk 00:00:17]} {[%emt 00:00:03]} 42. Rxh5 {[%clk
00:01:08]} {[%emt 00:00:02]} 1-0

[Event "Druzheskij Blitz (3+2) turnir ¹3 na Iristonskoj 06.10.2019g."]
[Site "VLADIKAVKAZ"]
[Date "2019.10.06"]
[Round "7.3"]
[White "Koraev, Kazbek"]
[Black "Basiev, Valeriy P."]
[Result "0-1"]
[TimeControl "3' + 2\""]
[WhiteElo "1755"]
[BlackElo "2002"]

1. e4 {[%clk 00:03:03]} {[%emt 00:04:15]} Nc6 {[%clk 00:03:04]} {[%emt
00:00:01]} 2. d4 {[%clk 00:03:01]} {[%emt 00:00:04]} e5 {[%clk 00:03:04]}
{[%emt 00:00:02]} 3. d5 {[%clk 00:02:58]} {[%emt 00:00:04]} Nce7 {[%clk
00:03:05]} {[%emt 00:00:01]} 4. d6 {[%clk 00:02:51]} {[%emt 00:00:10]} cxd6
{[%clk 00:03:04]} {[%emt 00:00:03]} 5. Qxd6 {[%clk 00:02:51]} {[%emt 00:00:02]}
Ng6 {[%clk 00:03:04]} {[%emt 00:00:02]} 6. Qd1 {[%clk 00:02:51]} {[%emt
00:00:02]} Nf6 {[%clk 00:03:05]} {[%emt 00:00:02]} 7. Bd3 {[%clk 00:02:49]}
{[%emt 00:00:04]} d5 {[%clk 00:02:45]} {[%emt 00:00:21]} 8. Nc3 {[%clk
00:02:40]} {[%emt 00:00:11]} Bb4 {[%clk 00:02:31]} {[%emt 00:00:16]} 9. exd5
{[%clk 00:02:29]} {[%emt 00:00:12]} Qxd5 {[%clk 00:02:28]} {[%emt 00:00:06]} 10.
Bd2 {[%clk 00:02:08]} {[%emt 00:00:23]} Qxg2 {[%clk 00:02:07]} {[%emt
00:00:22]} 11. Qf3 {[%clk 00:01:49]} {[%emt 00:00:21]} Qxf3 {[%clk 00:01:27]}
{[%emt 00:00:43]} 12. Nxf3 {[%clk 00:01:50]} {[%emt 00:00:01]} Bg4 {[%clk
00:01:27]} {[%emt 00:00:02]} 13. Be2 {[%clk 00:01:41]} {[%emt 00:00:11]} O-O-O
{[%clk 00:01:24]} {[%emt 00:00:05]} 14. O-O-O {[%clk 00:01:39]} {[%emt
00:00:05]} Bc5 {[%clk 00:00:59]} {[%emt 00:00:27]} 15. Be3 {[%clk 00:01:20]}
{[%emt 00:00:20]} Bxe3+ {[%clk 00:00:53]} {[%emt 00:00:09]} 16. fxe3 {[%clk
00:01:20]} {[%emt 00:00:02]} h6 {[%clk 00:00:31]} {[%emt 00:00:24]} 17. Rhf1
{[%clk 00:01:14]} {[%emt 00:00:07]} Bh3 {[%clk 00:00:31]} {[%emt 00:00:04]} 18.
Rg1 {[%clk 00:01:12]} {[%emt 00:00:04]} Ng4 {[%clk 00:00:29]} {[%emt 00:00:04]}
19. Nd5 {[%clk 00:00:59]} {[%emt 00:00:16]} Nf2 {[%clk 00:00:19]} {[%emt
00:00:13]} 20. Rd2 {[%clk 00:00:52]} {[%emt 00:00:08]} Be6 {[%clk 00:00:18]}
{[%emt 00:00:03]} 21. c4 {[%clk 00:00:52]} {[%emt 00:00:02]} Ne4 {[%clk
00:00:15]} {[%emt 00:00:05]} 22. Rdd1 {[%clk 00:00:51]} {[%emt 00:00:03]} b5
{[%clk 00:00:15]} {[%emt 00:00:02]} 23. b3 {[%clk 00:00:52]} {[%emt 00:00:01]}
bxc4 {[%clk 00:00:15]} {[%emt 00:00:02]} 24. bxc4 {[%clk 00:00:51]} {[%emt
00:00:03]} Bxd5 {[%clk 00:00:15]} {[%emt 00:00:03]} 25. cxd5 {[%clk 00:00:51]}
{[%emt 00:00:02]} Nc3 {[%clk 00:00:16]} {[%emt 00:00:01]} 26. Rd2 {[%clk
00:00:47]} {[%emt 00:00:06]} Rxd5 {[%clk 00:00:14]} {[%emt 00:00:03]} 27. Kc2
{[%clk 00:00:41]} {[%emt 00:00:08]} Rxd2+ {[%clk 00:00:15]} {[%emt 00:00:01]}
28. Nxd2 {[%clk 00:00:42]} {[%emt 00:00:01]} Nxe2 {[%clk 00:00:15]} {[%emt
00:00:02]} 29. Rg2 {[%clk 00:00:37]} {[%emt 00:00:07]} Nef4 {[%clk 00:00:14]}
{[%emt 00:00:02]} 30. exf4 {[%clk 00:00:38]} {[%emt 00:00:01]} exf4 {[%clk
00:00:15]} 31. Nf3 {[%clk 00:00:36]} {[%emt 00:00:04]} Re8 {[%emt 00:00:03]} 32.
Rd2 {[%emt 00:00:02]} Ne5 {[%clk 00:00:10]} {[%emt 00:00:05]} 33. Re2 {[%clk
00:00:31]} {[%emt 00:00:08]} f6 {[%clk 00:00:10]} {[%emt 00:00:02]} 34. Nd4
{[%clk 00:00:29]} {[%emt 00:00:04]} Kd7 {[%clk 00:00:09]} {[%emt 00:00:03]} 35.
Rg2 {[%clk 00:00:28]} {[%emt 00:00:03]} g5 {[%clk 00:00:10]} {[%emt 00:00:02]}
36. h4 {[%clk 00:00:28]} {[%emt 00:00:01]} Nc4 {[%clk 00:00:10]} {[%emt
00:00:03]} 0-1